=LDR 00000nam 2200000 4500 =001 INLIS000000000013255 =005 20130612104658 =008 ***********************************Ind** =035 ##$$0010-061300000013255 =041 ##$$a Ind =082 ##$$a 910.02 =090 ##$$a 910.02, Arn t =100 ##$$a Arnold, Caroline =245 ##$$a The geografhy book, Caroline Arnold =260 ##$$a 2003 $b Bandung =300 ##$$a 110 hlm, ilus, 27 cm =650 ##$$a Geografi fisik =850 ##$$a NBPNMAT